| 000 | 00780cam a2200217 i 4500 | ||
|---|---|---|---|
| 005 | 20260111100744.0 | ||
| 008 | 250721s2010 ua gr 000 0 ara d | ||
| 020 | _a9789774311971 | ||
| 082 | 1 | 4 |
_a302.2 _bش ا ه |
| 100 | 1 |
_aعبد الحميد، صلاح محمد _eمؤلف. |
|
| 245 | 1 | 2 |
_aالإعلام والتنمية / _cد. أحمد شاهين، أ. صلاح محمد عبد الحميد. |
| 250 | _aالطبعة الأولى. | ||
| 264 | 3 | 1 |
_aالقاهرة : _bمؤسسة طيبه للنشر و التوزيع، _c2010. |
| 300 | _a262 صفحة. | ||
| 650 | 1 | 7 | _aوسائل الاتصال. |
| 650 | 1 | 7 | _aالاعلام. |
| 650 | 1 | 7 | _aالتنمية. |
| 700 | 1 |
_aشاهين، أحمد _eمؤلف. |
|
| 942 |
_2ddc _cBK |
||
| 999 |
_c130608 _d130608 |
||